| 000 | 01131nas a2200337 4500 | ||
|---|---|---|---|
| 001 | BR2013010531 | ||
| 003 | BR-BrBNA | ||
| 005 | 20231205123510.0 | ||
| 007 | ta | ||
| 008 | 230509b bl.|||p| |||| 00| 00por d | ||
| 040 |
_aBR-BrBNA _bpor _cBiblioteca Nacional de Agricultura |
||
| 041 | _a(Pt) | ||
| 072 | _aK10 | ||
| 100 | 1 | _aBotrel, M.C.G. | |
| 100 | 1 | _aSouza, A.M. de | |
| 100 | 1 | _aCarvalho, D. de | |
| 100 | 1 | _aPinto, S.I. do C. | |
| 100 | 1 | _aMoura, M.C. de O. | |
| 100 | 1 | _aEstopa, R.A. | |
| 100 | 1 | _a | |
| 245 | 1 | _aCaracterização genética de Calophyllum brasiliense Camb. em duas populações de mata ciliar | |
| 246 | 1 | _aGenetic characterization of Calophyllum brasiliense Camb. in two populations of riparian forest | |
| 650 | _aMATA CILIAR | ||
| 650 | _aPOPULAÇÃO DE PLANTA | ||
| 650 | _aGENÉTICA | ||
| 650 | _aISOENZIMA | ||
| 773 | 0 |
_tRevista Árvore (Brazil) _xISSN 0100-6762 _g(Sep-Oct 2006), v. 30(5) p. 821-827 _wBR2013010531 |
|
| 856 | 4 |
_uhttp://www.scielo.br/pdf/rarv/v30n5/a16v30n5.pdf _yRecurso eletrônico (PDF) |
|
| 909 |
_a202311 _bLúcia _c55 _dLúcia Elande |
||
| 942 |
_2AGRIS _n0 _cANA |
||
| 999 |
_c234212 _d234212 |
||